Ecosystems Biodiversity : (Record no. 589037)

MARC details
000 -LEADER
fixed length control field 00443nam a2200181 a 4500
008 - FIXED-LENGTH DATA ELEMENTS--GENERAL INFORMATION
fixed length control field 250923s2015##################000#0#eng##
020 ## - INTERNATIONAL STANDARD BOOK NUMBER
ISBN 9781632391643
082 04 - DEWEY DECIMAL CLASSIFICATION NUMBER
Classification number 577.05
Item number OFF
100 1# - MAIN ENTRY--AUTHOR NAME
Personal name Offit, Anne,
245 10 - TITLE STATEMENT
Title Ecosystems Biodiversity :
260 ## - PUBLICATION, DISTRIBUTION, ETC. (IMPRINT)
Year of publication 2015.
650 #0 - SUBJECT ADDED ENTRY--TOPICAL TERM
Topical Term Nature.
942 ## - ADDED ENTRY ELEMENTS (KOHA)
Koha item type English Books
Holdings
Withdrawn status Lost status Damaged status Not for loan Home library Current library Shelving location Date acquired Full call number Accession Number Price effective from Koha item type
        Anna Centenary Library Anna Centenary Library 5TH FLOOR, A WING 23.09.2025 577.05 OFF 606820 23.09.2025 English Books

Find us on the map